003920000a22001090004500090001700000245008900017041001400106100002600120942001300146773010600159999001700265 aASbSeriadas10aThree new rainfrogs of the Eleutherodactylus diastema group from Colombia and Panama0 aEspañol1 aLynch, John D.992907 cARTICULO1 tRevista de la Academia Colombiana de Ciencias Exactas, Fisicas y Naturales332h95q287-297d2001g25 c14185d14185